Las ofertas públicas de adquisición de valores mobiliarios (Registro nro. 132114)

Detalles MARC
000 -LEADER
campo de control de longitud fija 01121nam a2200193 4500
001 - NÚMERO DE CONTROL
campo de control 132114
003 - IDENTIFICADOR DE NÚMERO DE CONTROL
campo de control ES-MaACL
005 - FECHA Y HORA DE LA ÚLTIMA TRANSACCIÓN
campo de control 20250901211248.0
007 - CAMPO FIJO DE DESCRIPCIÓN FÍSICA--INFORMACIÓN GENERAL
campo de control de longitud fija t|
008 - DATOS DE LONGITUD FIJA--INFORMACIÓN GENERAL
campo de control de longitud fija 070214s1973 sp r ||||1| spa d
100 1# - ENTRADA PRINCIPAL--NOMBRE DE PERSONA
Nombre de persona Rodríguez Sastre, Antonio.
9 (RLIN) 98816
245 14 - MENCIÓN DEL TÍTULO
Título Las ofertas públicas de adquisición de valores mobiliarios
Resto del título : texto de la conferencia pronunciada por el Dr. D. Antonio Rodríguez Sastre en el salón de actos de la Escuela Universitaria de Estudios Empresariales de Valladolid, el día 31 de enero de 1973 ; el acto fue organizado por la Escuela Universitaria de Estudios Empresariales, en colaboración con la Cámara Oficial de Comercio e Industria de Valladolid /
Mención de responsabilidad, etc. Antonio Rodríguez Sastre.
260 ## - PUBLICACIÓN, DISTRIBUCIÓN, ETC.
Lugar de publicación, distribución, etc. Valladolid :
Nombre del editor, distribuidor, etc. Servicio de Publicaciones de la Cámara Oficial de Comercio e Industria de Valladolid,
Fecha de publicación, distribución, etc. 1973.
300 ## - DESCRIPCIÓN FÍSICA
Extensión 96 p. ;
Dimensiones 21 cm.
710 2# - ENTRADA AGREGADA--NOMBRE DE ENTIDAD CORPORATIVA
Nombre de entidad corporativa o nombre de jurisdicción como elemento de entrada Cámara Oficial de Comercio e Industria de Valladolid
9 (RLIN) 2387
710 2# - ENTRADA AGREGADA--NOMBRE DE ENTIDAD CORPORATIVA
Nombre de entidad corporativa o nombre de jurisdicción como elemento de entrada Universidad de Valladolid.
Unidad subordinada Escuela Universitaria de Estudios Empresariales.
9 (RLIN) 7342
852 ## - LOCALIZACIÓN
Ubicación ES-MaACL
Número de control de estantería C-52487
Sublocalización o colección R.85763
Existencias
Estatus retirado Estado de pérdida Estado de daño No para préstamo Biblioteca de origen Biblioteca actual Ubicación en estantería Fecha de adquisición Fuente de adquisición Total de préstamos Signatura topográfica completa Código de barras Visto por última vez Precio de reemplazo Tipo de ítem Koha
        Biblioteca del Ateneo de Madrid Biblioteca del Ateneo de Madrid Depósito 2 17/01/2008     C-52487 1137546 23/02/2023 23/02/2023 Libro impreso